000 01954cam a22004694i 4500
003 PE-LiUPU
005 20250731173337.0
008 150706s r 000 0 d
020 _a0567027414
035 _a(Sirsi) i9780567027412
040 _aPE-LiUPU
_bspa
_cPE-LiUPU
_erda
049 _aPRUA
082 0 4 _a270.1
_bC59
_221
100 1 _aKee, Howard Clark,
_eautor.
245 1 4 _aThe beginnings of Christianity :
_ban introduction to the New Testament /
_cHoward Clark Kee.
264 1 _aNew York, London :
_bT and T Clark,
_c2005.
300 _a502 páginas ;
_c23 centímetros
336 _atext
_2rdacontent
337 _aunmediated
_2rdamedia
338 _avolume
_2rdacarrier
505 0 _aThe impact of Graeco-Roman politics and culture on Judaism -- The Jesus tradition and the formation of the New Covenant community -- Paul and the apostolic tradition: Christianity extends into the wider Graeco-Roman world -- The noncanonical apostolic traditions -- The emerging structures of early Christianity: modes of achieving theological and social unity.
526 _aSEG42
526 _aSEG41
526 _aSEG40
526 _aSEG39
526 _aP94
526 _aP87
526 _aP86
526 _aP85
526 _aP77
526 _aP76
526 _aP35
541 _g20081126230934D47324;
630 0 4 _aBiblia.
_pN.T.
_xIntroducciones.
650 1 4 _aIglesia
_xHistoria
_yEpoca primitiva, ca. 30-600.
910 _agl
_bjv
_clch
_d20090816
942 _2ddc
_cBOOK
949 _a270.1 C59
_wDEWEY
_c1
_i59830
_lCCODEBUL1
_mBUL
_p40.00
_r0
_sY
_tBOOK
_u2015-7-6
_xTEOLOGIA
_PP85
_0COMPRA
_o.STAFF. Colección General
994 _aC0
_bPEPRU
596 _a1
999 _a270.1 C59
_wDEWEY
_c49364
_i59830
_f2021-11-11
_g5
_lCCODEBUL1
_mBUL
_p40.00
_r0
_sY
_tBOOK
_u2015-7-6
_xTEOLOGIA
_PP85
_0COMPRA
_o.STAFF. Colección General
_d49364
980 _81
_gALBERTO SANCHEZ Responsable de Automatización